| 000 | 01677nam0a2200349 4500 | ||
|---|---|---|---|
| 001 | RU\NLR\bibl\1460713 | ||
| 005 | 20260405101854.0 | ||
| 010 |
_a978-5-7513-1137-7 _9250 |
||
| 021 |
_aRU _b2009-92070 _95823 |
||
| 035 | _a(NLR Aleph) 001452481 | ||
| 090 |
_a1531954 _c1531954 |
||
| 100 | _a20100114d2009 |||y0rusy50 ca | ||
| 101 | 0 |
_arus _aeng |
|
| 102 | _aRU | ||
| 105 | _ay ||||||||| | ||
| 200 | 1 |
_aПрактический англо-русский юридический словарь _fИ.С. Федоров, П.В. Гоголев, Н.Е. Винокурова _gФедер. агентство по образованию, ГОУ ВПО "Якут. гос. ун-т им. М.К. Аммосова" |
|
| 210 |
_aЯкутск _cЯкутский государственный университет _d2009 |
||
| 215 |
_a273 с. _d21 |
||
| 300 | _aНа 4-й с. обл. 1-й авт.: Федоров И.С., проф. | ||
| 606 | 1 |
_aАнглийский язык _xТерминология правовая _xСловари _xРусский язык _9970867 _3RU\NLR\auth\6645291 |
|
| 606 | 1 |
_aПраво _jТерминологические словари _9894779 _3RU\NLR\auth\664055 |
|
| 686 | _aШ143.21-434.1 | ||
| 686 | _aШ141.12-434.2 | ||
| 686 | _aХ.я212 | ||
| 700 | 1 |
_4070 _8rus _7ca _aФедоров _bИ. С. _cлингвист _gИлья Семенович _3RU\NLR\auth\7737740 _920728 |
|
| 701 | 1 |
_aГоголев _bП. В. _gПетр Васильевич _4070 |
|
| 701 | 1 |
_aВинокурова _bН. Е. _gНаталья Егоровна _4070 |
|
| 801 | 0 |
_aRU _bNLR _c20100114 _gRCR |
|
| 801 | 1 |
_aRU _bNLR _c20100114 |
|
| 942 | _cBOOK | ||
| 980 | _aNB | ||